[Event "ECU-ch Schools U15 Clas1"]
[Site "Chess.com INT"]
[Date "2020.11.05"]
[Round "3"]
[White "Marin Gomez, Daniel Alejandro"]
[Black "Morocho Garzon, Fernando Jose"]
[Result "1-0"]
[WhiteElo "1727"]
[BlackElo "1489"]
[PlyCount "55"]
[EventDate "2020.11.05"]
[EventType "swiss"]
[EventRounds "9"]
[EventCountry "ECU"]
[SourceTitle "EXT 2022"]
[Source "ChessBase"]
[SourceDate "2021.10.06"]
[SourceVersion "1"]
[SourceVersionDate "2021.10.06"]
[SourceQuality "1"]

1. d4 Nf6 2. Nf3 d6 3. Bf4 g6 4. e3 Bg7 5. Be2 Nbd7 6. 0-0 0-0 7. h3 b6 8. a4 c5 9. a5 Bb7 10. a6 Bc6 11. c4 Bxf3 12. Bxf3 Rb8 13. Nc3 cxd4 14. exd4 e5 15. dxe5 Nxe5 16. Bxe5 dxe5 17. Nb5 e4 18. Be2 Qe7 19. Qb3 Rfe8 20. Rad1 Bh6 21. Kh1 e3 22. fxe3 Bxe3 23. Bf3 Ng4 24. Bxg4 Ra8 25. Rde1 Qg5 26. Bf3 Rac8 27. Bb7 Rcd8 28. c5 1-0